| 000 | 01230 a2200241 4500 | ||
|---|---|---|---|
| 003 | UA-OsUOA | ||
| 005 | 20201005111654.0 | ||
| 008 | 200918b un ||||| |||| 00| 0 rus d | ||
| 040 |
_aUA-OsUOA _bukr _cUA-OsUOA _dUA-OsUOA |
||
| 041 | _arus | ||
| 080 | _a94(476)"15" | ||
| 090 |
_a94(476)"15" _bА39 |
||
| 100 | _aАкиньчиц С. | ||
| 245 |
_aЗолотой век Беларуси _bисторический информационно-просветительский сборник _cСтанислав Акиньчиц |
||
| 250 | _a4-те изд. | ||
| 260 |
_bСхідноєвропейська реформація _aКиев _c2016 |
||
| 300 |
_a128 с. _eил. |
||
| 520 | _aКнига повествует о XVI веке, эпохе Возрождения периоде наибольшего культурного, научного, экономического развития Беларуси того времени, периоде великих людей и великих событий. | ||
| 650 |
_2UDC _a94 Історія |
||
| 942 |
_cBK _2udc |
||
| 955 | _a4 | ||
| 999 |
_c463356 _d463356 |
||